书目信息 |
| 题名: |
钓鱼岛列屿之历史与法理研究
|
|
| 作者: | 郑海麟 著 | |
| 分册: | ||
| 出版信息: | 北京 中华书局 2007 |
|
| 页数: | 10,314页 | |
| 开本: | 24cm | |
| 丛书名: | ||
| 单 册: | ||
| 中图分类: | D829.13 , D829.313 | |
| 科图分类: | ||
| 主题词: | 中日关系--钓鱼岛问题--研究 , 中日关系 , 钓鱼岛问题 | |
| 电子资源: | ||
| ISBN: | 978-7-101-03616-9 | |
| 000 | 00927nam0 2200277 450 | |
| 001 | 003470524 | |
| 005 | 20120618153448.45 | |
| 010 | @a978-7-101-03616-9@dCNY42.00 | |
| 100 | @a20070226d2007 em y0chiy0110 ea | |
| 101 | 0 | @achi |
| 102 | @aCN@b110000 | |
| 105 | @aa z 000yy | |
| 106 | @ar | |
| 200 | 1 | @a钓鱼岛列屿之历史与法理研究@9diao yu dao lie yu zhi li shi yu fa li yan jiu@f郑海麟著 |
| 205 | @a增订本 | |
| 210 | @a北京@c中华书局@d2007 | |
| 215 | @a10,314页@c图@d24cm | |
| 330 | @a本书运用语言学、地理学、史料考据学、地质构造学以及国际法原理等多学科知识和研究方法,对钓鱼岛主权归属的历史及现状作了科学的考察研究,得出了钓鱼岛主权属于中国的结论。 | |
| 606 | 0 | @a中日关系@x钓鱼岛问题@x研究 |
| 606 | 0 | @a中日关系 |
| 606 | 0 | @a钓鱼岛问题 |
| 690 | @aD829.13@v4 | |
| 690 | @aD829.313@v4 | |
| 701 | 0 | @a郑海麟@9zheng hai lin@f(1957~)@4著 |
| 801 | 0 | @aCN@bNLC@c20070806 |
| 905 | @b539258-62@dD829.13@e124=2@f5 | |
| 钓鱼岛列屿之历史与法理研究/郑海麟著.-增订本.-北京:中华书局,2007 |
| 10,314页:图;24cm |
| ISBN 978-7-101-03616-9:CNY42.00 |
| 本书运用语言学、地理学、史料考据学、地质构造学以及国际法原理等多学科知识和研究方法,对钓鱼岛主权归属的历史及现状作了科学的考察研究,得出了钓鱼岛主权属于中国的结论。 |
| ● |
| 相关链接 |
|
|
|
|
正题名:钓鱼岛列屿之历史与法理研究
索取号:D829.13/124=2
 
预约/预借
| 序号 | 登录号 | 条形码 | 馆藏地/架位号 | 状态 | 备注 |
| 1 | 539258 | 205392582 | 第一样本阅览室/ [索取号:D829.13/124=2] | 在馆 | |
| 2 | 539259 | 205392591 | 第一借阅区/ [索取号:D829.13/124=2] | 在馆 | |
| 3 | 539260 | 205392608 | 第一借阅区/ [索取号:D829.13/124=2] | 在馆 | |
| 4 | 539261 | 205392617 | 第一借阅区/ [索取号:D829.13/124=2] | 在馆 | |
| 5 | 539262 | 205392626 | 第一借阅区/ [索取号:D829.13/124=2] | 在馆 |